000 00794cam a22002531 4500
001 gs 09000247
003 DLC
005 20260227111309.0
008 720328s1909 xx 000 0 eng
010 _ags 09000247
035 _a(OCoLC)271845
040 _aDLC
_cODaWU
_dDLC
050 0 0 _aQE75
_b.B9 no. 360
051 _aQE655
_b.V3
100 1 _aVan Hise, Charles Richard,
_d1857-1918.
245 1 0 _aPre-Cambrian geology of North America.
260 _bGovt. Print. Off.,
_c1909.
300 _a939 p.
410 2 0 _aGeological Survey (U.S.)
_tBulletin
_v360
504 _aBibliographical references at ends of chapters.
650 0 _aGeology
_zNorth America.
650 0 _aGeology, Stratigraphic
_yPrecambrian.
700 1 _aLeith, C. K.
_q(Charles Kenneth),
_d1875-1956,
_ejoint author.
999 _c24839
_d24839